The legacy of lord Carnavon miniatures form Ancient Egypt and the Valley of the King \ Nigel C. strudwick
محفوظ في:
المؤلف الرئيسي:
التنسيق: كتاب
اللغة: Undetermined
منشور في:
Wyoming.
University of Wyoming Art Museum.
2001
الموضوعات:
الوسوم: إضافة وسم
لا توجد وسوم, كن أول من يضع وسما على هذه التسجيلة!
رقم الطلب: (L) NK 8475 .E3 577
| LEADER | 00999nam a2200193Ia 4500 | ||
|---|---|---|---|
| 008 | 221124s9999||||xx |||||||||||||| ||und|| | ||
| 020 | |a 472-529-47 | ||
| 050 | 4 | |a (L) NK 8475 .E3 577 | |
| 100 | 1 | |a Strudwick, Nigel | |
| 245 | 1 | 4 | |a The legacy of lord Carnavon |b miniatures form Ancient Egypt and the Valley of the King \ Nigel C. strudwick |
| 264 | 1 | |a Wyoming. |b University of Wyoming Art Museum. |c 2001 | |
| 300 | |a 35.P |c 31 cm | ||
| 504 | |a "The legacy of Lord Carnarvon: miniatures from Ancient Egypt and the Valley of the Kings" was prepared on the occasion of the exhibition of the same name by the University of Wyoming Art Museum, on view from April 7 through September 2, 2001." | ||
| 650 | 4 | |a University of Wyoming. Art Museum | |
| 650 | 4 | |a Valley of the Kings (Egypt) Antiquities. | |
| 650 | 4 | |a Valley of the Kings (Egypt) Catalogs. | |
| 942 | |2 lcc |c BK | ||
| 952 | |0 0 |1 0 |2 lcc |4 0 |7 1 |9 44036 |a ARCE |b ARCE |d 2022-11-24 |l 0 |o (L) NK 8475 .E3 577 |p 1023626 |r 2022-11-24 00:00:00 |w 2022-11-24 |y BK | ||
| 999 | |c 50493 |d 50493 | ||
